00273nam a22001097a 4500020001800000082001600018100001300034100002400047245003500071260004900106300000800155 a9789381450222 a630bBAR/OB aBajendra aVerma,Kailash Chand aObjective Agricultural Science aNew DelhibNew India Publishing Agencyc2012 a878